| 000 | 03359nam a22004217a 4500 | ||
|---|---|---|---|
| 003 | BO-EaUP | ||
| 005 | 20260511153929.0 | ||
| 008 | 260511b2022 sp ad|||r|||| 00| 0 spa d | ||
| 020 | _a978-607-15-1708-1 | ||
| 040 |
_aBiblioadmiempresas _bspa _cBiblioadmiempresas _eRDA |
||
| 041 | _aspa | ||
| 043 | _an-mx | ||
| 082 |
_221 _a658 |
||
| 092 |
_a658 _SK75a |
||
| 100 | 1 |
_aKoontz, Harold _eAutor _920 |
|
| 245 | 1 | 0 |
_aAdministración : _buna perspectiva global, Emprendedora y de Innovación / _cHarold Koontz |
| 250 | _aDecimosexta edición | ||
| 260 |
_aMexico ; _bMcGraw-Hill, _c2021 |
||
| 300 |
_axxix, 587 páginas ; _bilustraciones a colores, gráficos ; Tapa blanda ; _c21 x 27 centímetros ; _fRústico ; _gTamaño carta |
||
| 336 |
_2rdacontent _atexto _btxt |
||
| 337 |
_2rdamedia _ano mediado _bn |
||
| 338 |
_avolumen _bnc _2rdacarrier |
||
| 505 | 2 | _aParte 1. El fundamento de la teoría y la práctica de la administración.- Capítulo 1. Administración: ciencia, teoría y práctica.- Capítulo 2. Administración y sociedad: ambiente externo, responsabilidad social y ética.- Capítulo 3. Administración global, comparada y de calidad.- | |
| 505 | 2 | _aParte 2. Planeación.- Capítulo 4. Elementos esenciales de la planeación y la administración por objetivos.- Capítulo 5. Estrategias, políticas y premisas de la planeación.- Capítulo 6. Toma de decisiones.- | |
| 505 | 2 | _aParte 3. Organización.- Capítulo 7. Naturaleza de la organización, el espíritu emprendedor y la reingeniería.- Capítulo 8. Estructura de la organización: departamentalización.- Capítulo 9. Autoridad de línea, personal de staff, delegación de poder de decisión (empowerment) y descentralización.- Capítulo 10. Organización eficaz y cultura organizacional | |
| 505 | 2 | _aParte 4. Integración (Staffing).- Capítulo 11. Administración y selección de recursos humanos.- Capítulo 12. Evaluación del desempeño y plan de la carrera.- Capítulo 13. Administrar el cambio mediante el desarrollo de los administradores y de la organización.- | |
| 505 | 2 | _aParte 5. Dirección.- Capítulo 14. Factores humanos y motivación.- Capítulo 15. Liderazgo.- Capítulo 16. Comités, equipos y toma grupal de decisiones.- Capítulo 17. Comunicación.- | |
| 505 | 2 | _aParte 6. Control.- Capítulo 18. Sistema y proceso de control.- Capítulo 19. Técnicas de control y tecnologías de la información.- Capítulo 20. Productividad, administración de operaciones y gestión de la calidad.- | |
| 520 | _aEsta decimosexta edición de Administración. Una perspectiva global, emprendedora y de innovación integra la dimensión global con las iniciativas emprendedoras y los desarrollos innovadores de la administración. Como sabemos, la perspectiva global resulta esencial en un entorno en que se diluyen las barreras nacionales y se establecen cada vez más alianzas comerciales; el espíritu emprendedor es el motor de gran parte del éxito organizacional y del capital humano. | ||
| 650 |
_aADMINISTRACIÓN GENERAL _91507 |
||
| 650 |
_aADMINISTRATIVA GERENCIAL _95936 |
||
| 653 | 1 | 0 | _aADMINISTRACIÓN GLOBAL |
| 653 | 1 | 0 | _aORGANIZACIÓN EMPRESARIAL |
| 653 | 1 | 0 | _aINTEGRACIÓN DE PERSONAL |
| 700 |
_aHeinz Weihrich ; Mark Cannice _eAutores _921 |
||
| 700 |
_aPilar Mascaró Sacristán _eTraducción _96230 |
||
| 942 |
_2ddc _cBK _n0 _e21 |
||
| 999 |
_c5525 _d5525 |
||